Hull City Squad 2024/25 - Statistics

General Stats
  • This quiz has been taken 10 times
  • The average score is 18 of 30
Answer Stats
# Nation Position Age Answer % Correct
1 Croatia GK 24 Ivor Pandur
100%
23 England RB 23 Cody Drameh
86%
2 England RB 29 Lewie Coyle
86%
7 Canada LW 25 Liam Millar
86%
5 England CB 27 Alfie Jones
71%
20 Colombia CM 21 Gustavo Puerta
71%
34 England GK 22 Harvey Cartwright
71%
48 England ST 21 Mason Burstow
71%
6 Ireland CB 28 Sean McLoughlin
71%
19 Colombia CM 26 Steven Alzate
71%
4 England CB 21 Charlie Hughes
57%
11 Turkey LW 26 Doğukan Sinik
57%
36 Belgium CM 23 Eliot Matazo
57%
12 Italy ST 32 João Pedro
57%
15 Ireland CB 32 John Egan
57%
45 Jamaica AM 28 Kasey Palmer
57%
33 Algeria RW 22 Mohamed Belloumi
57%
27 England CM 25 Regan Slater
57%
32 France GK 22 Timothée Lo-Tutala
57%
17 England CB 21 Finley Burns
43%
14 Ireland AM 20 Harry Vaughan
43%
30 England ST 22 Joe Gelhardt
43%
28 Scotland ST 23 Kyle Joseph
43%
16 Brazil AM 26 Lincoln
43%
22 England LW 21 Louie Barry
43%
24 England AM 31 Matt Crooks
43%
29 England LB 23 Matty Jacob
43%
37 Morocco RW 37 Nordin Amrabat
43%
25 Ecuador DM 20 Óscar Zambrano
43%
44 England RW 21 Abu Kamara
29%
No matching quizzes found
Score Distribution
Percent of People with Each Score
Percentile by Number Answered
Your Score History
You have not taken this quiz